Manual para construir toda especie de relojes de sol (Record no. 5536)

MARC details
000 -CABECERA
campo de control de longitud fija 00746nam a2200253 a 4500
001 - NÚMERO DE CONTROL
campo de control BRCA_5847
005 - FECHA Y HORA DE LA ÚLTIMA TRANSACCIÓN
campo de control 20190320205234.0
008 - DATOS DE LONGITUD FIJA--INFORMACIÓN GENERAL
campo de control de longitud fija 150311s1894----sp-a######---#000-0#spa-#
041 ## - CÓDIGO DE LENGUA
Código de lengua del texto/banda sonora o título independiente spa
044 ## - CÓDIGO DEL PAÍS DE LA ENTIDAD EDITORA/PRODUCTORA
Código MARC del país sp
050 #4 - SIGNATURA TOPOGRÁFICA DE LA BIBLIOTECA DEL CONGRESO
Número de clasificación TS545
Número de documento/Ítem .A74 1894
100 1# - ENTRADA PRINCIPAL--NOMBRE DE PERSONA
Nombre de persona Arfe, D. J. de
9 (RLIN) 14808
245 10 - MENCIÓN DE TÍTULO
Título Manual para construir toda especie de relojes de sol
Mención de responsabilidad, etc. por D. J. de Arfe.
250 ## - MENCIÓN DE EDICIÓN
Mención de edición 3
260 ## - PUBLICACIÓN, DISTRIBUCIÓN, ETC.
Lugar de publicación, distribución, etc. Barcelona
Nombre del editor, distribuidor, etc. Sauri y Sabater
Fecha de publicación, distribución, etc. 1894
300 ## - DESCRIPCIÓN FÍSICA
Extensión 62 p.
Otras características físicas il., 28 grabados
Dimensiones 23 cm.
440 #0 - MENCIÓN DE SERIE/PUNTO DE ACCESO ADICIONAL--TÍTULO
Título Biblioteca del comercio y de las artes industriales
Designación de volumen o secuencia 6
9 (RLIN) 14809
500 ## - NOTA GENERAL
Nota general Estado físico: Hojas desprendidas
500 ## - NOTA GENERAL
Nota general G43
650 14 - PUNTO DE ACCESO ADICIONAL DE MATERIA--TÉRMINO DE MATERIA
Término de materia o nombre geográfico como elemento de entrada Relojes de sol
9 (RLIN) 14810
650 14 - PUNTO DE ACCESO ADICIONAL DE MATERIA--TÉRMINO DE MATERIA
Término de materia o nombre geográfico como elemento de entrada Relojes
Subdivisión general Fabricación
9 (RLIN) 14811
902 ## - CATALOGADOR
Iniciales GFM
942 ## - ELEMENTOS DE PUNTO DE ACCESO ADICIONAL (KOHA)
Fuente del sistema de clasificación o colocación Library of Congress Classification
Tipo de ítem Koha Libros
Holdings
Estado de retiro Estado de pérdida Estado dañado No para préstamo Localización permanente Ubicación/localización actual Fecha de adquisición Número de inventario Total de préstamos Signatura topográfica completa Código de barras Fecha visto por última vez Precio válido a partir de Tipo de ítem Koha
El ejemplar forma parte de la colección y puede ser consultado según las políticas vigentes.       Biblioteca del Museo Franz Mayer (Rogerio Casas-Alatriste) Biblioteca del Museo Franz Mayer (Rogerio Casas-Alatriste) 15/03/2011 G43   TS545 .A74 1894 (G43) 6286 22/03/2019 22/03/2019 Libros